000 01044nam a22002417a 4500
003 OSt
005 20250827175008.0
008 240313b ||||| |||| 00| 0 eng d
040 _c0
082 _aDPer 621.317 Ie21 July 2022 v.37 n. 7
100 _aMa, Ke.
_eauthor.
_954402
245 _aPower-electronics-based mission profile emulation and test for electric machine drive system—concepts, features, and challenges /
_cKe Ma, Shihao Xia, Yuhao Qi, Xu Cai, Yubo Song, and Frede Blaabjerg.
260 _aNew York ;
_bThe Institute of Electrical and Electronics Engineers, Inc. ,
_cJuly 2022.
300 _avolume 37, pages 8526-8542 :
_billustration ;
_c28 cm.
500 _aIEEE Transactions on Power Electronics, vol. 37, no. 7, pages 8526-8542, July 2022.
700 _aMa, Ke.
_eauthor.
_954402
700 _aXia, Shihao.
_eauthor.
_954403
700 _aQi, Yuhao.
_eauthor.
_954404
700 _aCai, Xu.
_eauthor.
_954405
700 _aSong, Yubo.
_eauthor.
_954406
700 _aBlaabjerg, Frede.
_eauthor.
_954407
942 _2ddc
_cPER
999 _c19618
_d19618